Представление документа в формате RUSMARC

ПолеНазваниеЗначение
  Тип записи a
  Библиографический уровень m
001 Контрольный номер RU/SLIB/B/222281896
005 Дата корректировки 20230328142205.6
010 Индекс ISBN __
a ISBN 5-699-12848-4
d Цена 89-21
101 Язык документа 0_
a Язык текста rus
c Язык оригинала rus
200 Заглавие и сведения об ответственности 1_
a Заглавие Правовые основы бухгалтерского учета
e Сведения, относящиеся к заглавию практ. руководство
f Первые сведения об ответственности М. Л. Пятов
b Общее обозначение материала Текст
210 Выходные данные 1_
a Место издания М.
c Издательство ЭКСМО
d Дата издания 2006
215 Физическое описание __
a Объем 224 с.
225 Серия 2_
a Серия Справочник руководителя и главного бухгалтера
330 Аннотация __
a Аннотация Многочисленные примеры, показывающие, как меняется последовательность бухгалтерских записей, когда в опредленной хозяйственной операции появляются отдельные нюансы.
606 Тематические рубрики __
a Основная рубрика Право
y Географическая подрубрика РФ; Россия
606 Тематические рубрики __
a Основная рубрика Финансовое право
610 Ключевые слова 0_
a Ключевые слова бухгалтерский учет; учетная политика; налоговая политика; договорная политика; налоговое законодательство; бухгалтерский анализ; бухгалтерская отчетность; правовые основы
686 Индексы других классификаций __
a Классификационный индекс 67.402.02(2Рос)
700 Автор _1
a Фамилия Пятов
b Имя М. Л.
4 Код отношения 070
801 Источник записи _0
a Страна RU
b Организация Муниципальное бюджетное учреждение культуры "Централизованная библиотечная система" г. Сургут (Центральная городская библиотека им. А. С. Пушкина)
g Правила каталогизации КиК/Елгина
801 Источник записи _1
a Страна RU
b Организация Муниципальное бюджетное учреждение культуры "Централизованная библиотечная система" г. Сургут (Центральная городская библиотека им. А. С. Пушкина)
g Правила каталогизации КиК/Елгина
852 Данные о местонахождении __
j Шифр хранения 67.402.02(2Рос)
c Каталожный индекс 67.402(2Рос)
i Авторский знак П 99
901 Тип документа __
t Тип документа m
903 Характеристики (МАРС) __
a Дата передачи 20070124
990 Данные о заказе (DOS) __
j Количество экземпляров (DOS) 1
h N записи в КСУ для Б/У (DOS) 200702